000 00375nam a2200157Ia 4500
008 230917s9999||||xx |||||||||||||| ||und||
040 _e80771
_aMAIN
041 _aEnglish
082 _a346.022 M448T
100 _aMaurya, R R
245 0 _aTextbook of company law
250 _a3rd ed.
260 _aAllahabad
_bCentral Law
_c1996
300 _axxvi, 300 p.
942 _cBK
999 _c95918
_d95918